[Event "II Festival Dioscuri A"]
[Site "Agrigento ITA"]
[Date "2009.11.13"]
[Round "1"]
[White "Filetti, Massimiliano"]
[Black "Gromovs, Sergejs"]
[Result "0-1"]
[WhiteElo "1928"]
[BlackElo "2291"]
[PlyCount "54"]
[EventDate "2009.11.13"]

1. e4 c5 2. d4 cxd4 3. c3 d3 4. Bxd3 Nc6 5. Nf3 d6 6. O-O Nf6 7. Nbd2 g6 8. Nb3
Bg7 9. h3 O-O 10. Be3 a6 11. Nbd4 Bd7 12. Qc2 Rc8 13. Rad1 Nb4 14. Qb1 Nxd3 15.
Qxd3 e5 16. Ne2 Bb5 17. Qc2 Nxe4 18. Rfe1 f5 19. Nh2 Qe7 20. a4 Bc6 21. f3 Nc5
22. b3 d5 23. f4 Ne4 24. fxe5 Bxe5 25. Nf3 Bb8 26. Bd4 g5 27. Ng3 Bxg3 0-1

[Event "II Festival Dioscuri A"]
[Site "Agrigento ITA"]
[Date "2009.11.13"]
[Round "1"]
[White "Gangemi, Salvatore"]
[Black "Reina, Giuseppe"]
[Result "1-0"]
[WhiteElo "2097"]
[BlackElo "1812"]
[PlyCount "53"]
[EventDate "2009.11.13"]

1. c4 Nf6 2. Nf3 g6 3. Nc3 Bg7 4. e4 d6 5. d4 O-O 6. Be2 e5 7. dxe5 dxe5 8. Bg5
c6 9. Qxd8 Rxd8 10. O-O Bg4 11. Nxe5 Bxe2 12. Nxe2 Re8 13. Bxf6 Bxf6 14. Ng4
Bg7 15. f3 f5 16. Nf2 a5 17. Rad1 Na6 18. Ng3 Nb4 19. exf5 Nxa2 20. Nfe4 gxf5
21. Nxf5 Bxb2 22. Rd2 Nc3 23. Rxb2 Nxe4 24. fxe4 Rxe4 25. Rxb7 a4 26. Nh6+ Kh8
27. Rff7 1-0

[Event "II Festival Dioscuri A"]
[Site "Agrigento ITA"]
[Date "2009.11.13"]
[Round "1"]
[White "Ljubisavljevic, Zivojin Z."]
[Black "Rosolia, Giuseppe"]
[Result "1-0"]
[WhiteElo "2287"]
[BlackElo "1894"]
[PlyCount "65"]
[EventDate "2009.11.13"]

1. e4 e5 2. Nc3 d6 3. Bc4 Be7 4. d3 Nf6 5. f4 c6 6. Nf3 Nbd7 7. O-O O-O 8. Bb3
Nc5 9. Kh1 Nxb3 10. axb3 Qc7 11. b4 b5 12. d4 exd4 13. Qxd4 Be6 14. b3 Ng4 15.
f5 Bd7 16. Bf4 Bf6 17. Qd2 Ne5 18. Nxe5 Bxe5 19. Bxe5 dxe5 20. f6 h6 21. Ne2
Bg4 22. Ng3 Qd7 23. Qe3 Qd4 24. Qe1 Rfd8 25. h3 Be6 26. fxg7 Qd2 27. Nh5 Qxe1
28. Raxe1 Rd2 29. Re3 Rad8 30. Rg3 f5 31. exf5 Bc8 32. Nf6+ Kf7 33. g8=Q+ 1-0

[Event "II Festival Dioscuri A"]
[Site "Agrigento ITA"]
[Date "2009.11.13"]
[Round "1"]
[White "Ninov, Nikolai Ivanov"]
[Black "Bottino, Alexiei"]
[Result "1/2-1/2"]
[WhiteElo "2521"]
[BlackElo "2012"]
[PlyCount "26"]
[EventDate "2009.11.13"]

1. e4 c5 2. Nf3 Nc6 3. d4 cxd4 4. Nxd4 Nf6 5. Nc3 Qb6 6. Nxc6 dxc6 7. e5 Ng4 8.
Qe2 h5 9. h3 Nh6 10. Qxh5 Ng4 11. Qxh8 Qxf2+ 12. Kd1 Qd4+ 13. Ke1 Qf2+ 1/2-1/2

[Event "II Festival Dioscuri A"]
[Site "Agrigento ITA"]
[Date "2009.11.13"]
[Round "1"]
[White "Palazzotto, Giuseppe"]
[Black "Mazzilli, Piero"]
[Result "0-1"]
[WhiteElo "1952"]
[BlackElo "2347"]
[PlyCount "44"]
[EventDate "2009.11.13"]

1. Nf3 g6 2. g3 Bg7 3. Bg2 e5 4. e4 Nc6 5. O-O Nge7 6. c3 O-O 7. d4 exd4 8.
cxd4 d5 9. e5 Bg4 10. Bg5 f6 11. exf6 Bxf6 12. Bxf6 Rxf6 13. Nc3 Qf8 14. Ne2
Bxf3 15. Bxf3 Rxf3 16. Nf4 Rxf4 17. gxf4 Qxf4 18. Re1 Rf8 19. Qe2 Nf5 20. Qe6+
Kh8 21. Rf1 Ncxd4 22. Qxd5 Nf3+ 0-1

[Event "II Festival Dioscuri A"]
[Site "Agrigento ITA"]
[Date "2009.11.13"]
[Round "1"]
[White "Palazzotto, Roberto"]
[Black "Valguarnera, Girolamo"]
[Result "0-1"]
[WhiteElo "1849"]
[BlackElo "2140"]
[PlyCount "80"]
[EventDate "2009.11.13"]

1. e4 d6 2. d4 Nf6 3. Nc3 g6 4. Bc4 Bg7 5. Nf3 O-O 6. O-O Nxe4 7. Nxe4 d5 8.
Bxd5 Qxd5 9. Re1 Bg4 10. c3 Nc6 11. h3 Bf5 12. Ng3 Be6 13. Bf4 Qd7 14. Qd2 Bd5
15. Ne5 Nxe5 16. Bxe5 f6 17. Bf4 Rfe8 18. Nf1 Rad8 19. Ne3 Bf7 20. Qe2 c5 21.
dxc5 e5 22. Bg3 Qc6 23. b4 b6 24. Qa6 f5 25. Nc4 f4 26. Bh4 Bd5 27. f3 Rb8 28.
Nd6 Rf8 29. Bf2 g5 30. Rad1 h5 31. c4 Be6 32. b5 Qc7 33. c6 g4 34. fxg4 hxg4
35. hxg4 Bxg4 36. Rd2 f3 37. g3 Bh6 38. Rd3 Qh7 39. Qa3 Bg7 40. Be3 Qh3 0-1

[Event "II Festival Dioscuri A"]
[Site "Agrigento ITA"]
[Date "2009.11.14"]
[Round "2"]
[White "Amico, Rosario"]
[Black "Palazzotto, Roberto"]
[Result "1-0"]
[WhiteElo "1940"]
[BlackElo "1849"]
[PlyCount "57"]
[EventDate "2009.11.13"]

1. d4 d5 2. c4 c6 3. Nc3 Nf6 4. Nf3 e6 5. e3 Be7 6. Bd3 dxc4 7. Bxc4 b5 8. Bd3
Bb7 9. O-O a6 10. a3 c5 11. dxc5 Bxc5 12. e4 Nbd7 13. Bg5 Qc7 14. Rc1 Qb6 15.
b4 Be7 16. Qe2 Rc8 17. Rfe1 h6 18. Bh4 Qd8 19. e5 Nxe5 20. Nxe5 Qd4 21. Nxf7
O-O 22. Nxh6+ gxh6 23. Qxe6+ Kh8 24. Qxe7 Qxh4 25. Qxb7 Qd4 26. Ne2 Rxc1 27.
Rxc1 Ne4 28. Qxe4 Qxf2+ 29. Kh1 1-0

[Event "II Festival Dioscuri A"]
[Site "Agrigento ITA"]
[Date "2009.11.14"]
[Round "2"]
[White "Bottino, Alexiei"]
[Black "Arnetta, Maria Teresa"]
[Result "1/2-1/2"]
[WhiteElo "2012"]
[BlackElo "2046"]
[PlyCount "30"]
[EventDate "2009.11.13"]

1. Nf3 Nf6 2. g3 g6 3. Bg2 Bg7 4. O-O O-O 5. d3 d6 6. Nbd2 Nbd7 7. e4 e5 8. Re1
Re8 9. Nf1 Nf8 10. c3 c6 11. Qc2 Qc7 12. h3 h6 13. a3 a6 14. Be3 Be6 15. Rad1
Rad8 1/2-1/2

[Event "II Festival Dioscuri A"]
[Site "Agrigento ITA"]
[Date "2009.11.14"]
[Round "2"]
[White "Furnari, Francesco"]
[Black "Culle', Salvatore"]
[Result "1-0"]
[WhiteElo "1861"]
[BlackElo "1996"]
[PlyCount "55"]
[EventDate "2009.11.13"]

1. e4 e6 2. d4 d5 3. Nd2 Nf6 4. e5 Nfd7 5. Bd3 c5 6. c3 Nc6 7. Ne2 cxd4 8. cxd4
f6 9. f4 Qb6 10. Nf3 Be7 11. a3 O-O 12. b4 fxe5 13. fxe5 Rxf3 14. gxf3 Bh4+ 15.
Kf1 Ndxe5 16. Kg2 Nxf3 17. Kxf3 e5 18. Kg2 e4 19. Bc2 Bg4 20. Rf1 Bf3+ 21. Rxf3
exf3+ 22. Kxf3 Ne5+ 23. dxe5 Qf2+ 24. Kg4 Rf8 25. Qxd5+ Kh8 26. Qe4 g6 27. Bh6
Rf3 28. Qxf3 1-0

[Event "II Festival Dioscuri A"]
[Site "Agrigento ITA"]
[Date "2009.11.14"]
[Round "2"]
[White "Gigante, Giovanni"]
[Black "Filetti, Massimiliano"]
[Result "1/2-1/2"]
[WhiteElo "1692"]
[BlackElo "1928"]
[PlyCount "58"]
[EventDate "2009.11.13"]

1. d4 Nf6 2. Nf3 g6 3. Nc3 d5 4. Bf4 a6 5. e3 Bg7 6. Be2 O-O 7. Ne5 Nbd7 8. Bf3
c6 9. a4 a5 10. O-O Nb6 11. e4 Be6 12. Qd3 dxe4 13. Nxe4 Nxe4 14. Bxe4 Bd5 15.
Rfd1 Bxe4 16. Qxe4 Nd5 17. Bc1 Qc7 18. c3 Rad8 19. Re1 e6 20. Ng4 Nf6 21. Nxf6+
Bxf6 22. Bf4 Qd7 23. Be5 Bxe5 24. Qxe5 b6 25. Re3 Qd6 26. Rae1 Qxe5 27. Rxe5
Rd6 28. f4 Rfd8 29. Kf2 Rd5 1/2-1/2

[Event "II Festival Dioscuri A"]
[Site "Agrigento ITA"]
[Date "2009.11.14"]
[Round "2"]
[White "Grech, Gerlando"]
[Black "Ninov, Nikolai Ivanov"]
[Result "0-1"]
[WhiteElo "1972"]
[BlackElo "2521"]
[PlyCount "52"]
[EventDate "2009.11.13"]

1. e4 c5 2. Nf3 e6 3. d4 cxd4 4. Nxd4 Nc6 5. Nxc6 bxc6 6. Nc3 d5 7. exd5 cxd5
8. Be2 Nf6 9. O-O Be7 10. Nb5 O-O 11. c4 Bb7 12. cxd5 Nxd5 13. Bf3 Qb6 14. Nc3
Nxc3 15. bxc3 Rfd8 16. Qe2 Ba6 17. Qc2 Bxf1 18. Kxf1 Rab8 19. Be3 Bc5 20. Bf4
Qb2 21. Rc1 e5 22. Bxe5 Qxc2 23. Rxc2 Rb1+ 24. Ke2 Re8 25. Rd2 Rxe5+ 26. Kd3
Bb6 0-1

[Event "II Festival Dioscuri A"]
[Site "Agrigento ITA"]
[Date "2009.11.14"]
[Round "2"]
[White "Gromovs, Sergejs"]
[Black "Dagnino, Marcello"]
[Result "1-0"]
[WhiteElo "2291"]
[BlackElo "1565"]
[PlyCount "114"]
[EventDate "2009.11.13"]

1. d4 d5 2. c4 c6 3. Nc3 Nf6 4. Nf3 dxc4 5. a4 Bf5 6. Ne5 Nbd7 7. Nxc4 e6 8. f3
Qc7 9. e4 Bg6 10. Bg5 h6 11. Bh4 Bh7 12. Rc1 Be7 13. Bg3 Qc8 14. Nd6+ Bxd6 15.
Bxd6 Qd8 16. d5 Qb6 17. dxe6 fxe6 18. Bc4 Kf7 19. Qe2 Rhe8 20. f4 Nc5 21. Bxc5
Qxc5 22. f5 Re7 23. Bxe6+ Kf8 24. b4 Qe5 25. O-O Rae8 26. Kh1 Bg8 27. Bxg8 Kxg8
28. Qc4+ Kh8 29. Rce1 Ng4 30. g3 Nf6 31. Kg2 Kh7 32. Rf3 Kh8 33. Re2 Kh7 34. h3
Rd8 35. g4 Rd4 36. Qc5 Qxc5 37. bxc5 Rc4 38. e5 Nd7 39. f6 gxf6 40. exf6 Rxe2+
41. Nxe2 Rxc5 42. Ng3 Rc2+ 43. Kg1 Rc4 44. Nh5 Rc5 45. f7 Nf8 46. Nf6+ Kh8 47.
h4 b5 48. Nh5 b4 49. Re3 Rxh5 50. gxh5 c5 51. Rg3 Kh7 52. Rg8 Ne6 53. Re8 Kg7
54. Rxe6 Kxf7 55. Rc6 a5 56. Kf2 b3 57. Ke3 c4 1-0

[Event "II Festival Dioscuri A"]
[Site "Agrigento ITA"]
[Date "2009.11.14"]
[Round "2"]
[White "Kizov, Atanas"]
[Black "Caizzone, Vito"]
[Result "1-0"]
[WhiteElo "2415"]
[BlackElo "2149"]
[PlyCount "93"]
[EventDate "2009.11.13"]

1. d4 Nf6 2. c4 e6 3. Nf3 d5 4. g3 Be7 5. Bg2 O-O 6. O-O Nbd7 7. Qc2 c6 8. Nbd2
Qc7 9. e4 dxe4 10. Nxe4 Nxe4 11. Qxe4 b6 12. Bf4 Qd8 13. Qxc6 Ba6 14. b3 Rc8
15. Qa4 Bb7 16. Qxa7 Be4 17. Ne5 Nf6 18. Bxe4 Nxe4 19. Qb7 Nd6 20. Qf3 Nf5 21.
Nc6 Nxd4 22. Nxd4 Qxd4 23. Rad1 Qf6 24. Kg2 Rc5 25. Bd6 Bxd6 26. Rxd6 Rf5 27.
Qe3 h5 28. h4 g5 29. hxg5 Rxg5 30. Rh1 Kh7 31. Rxb6 Rfg8 32. Rb5 e5 33. Rb6 Qg7
34. Qf3 Rd8 35. Rxh5+ Rxh5 36. Qxh5+ Kg8 37. Qh4 Re8 38. Rd6 e4 39. Rd8 Qe5 40.
Rxe8+ Qxe8 41. Qg5+ Kf8 42. a4 Qc6 43. Qd5 Qg6 44. a5 f5 45. c5 Qg4 46. Qd6+
Kf7 47. Qf4 1-0

[Event "II Festival Dioscuri A"]
[Site "Agrigento ITA"]
[Date "2009.11.14"]
[Round "2"]
[White "La Bella, Roberto"]
[Black "Ljubisavljevic, Zivojin Z."]
[Result "0-1"]
[WhiteElo "2097"]
[BlackElo "2287"]
[PlyCount "90"]
[EventDate "2009.11.13"]

1. e4 c6 2. d4 d5 3. e5 Bf5 4. g4 Bd7 5. c3 h5 6. gxh5 Bf5 7. Bd3 Bxd3 8. Qxd3
e6 9. Ne2 Rxh5 10. Nd2 Ne7 11. Ng3 Rh8 12. Nf3 Qb6 13. Bd2 c5 14. dxc5 Qxc5 15.
O-O Nbc6 16. Rfe1 Ng6 17. Rac1 Qc4 18. Qxc4 dxc4 19. Re4 Be7 20. Bf4 b5 21. Rd1
Rd8 22. Rxd8+ Bxd8 23. Ne2 Nxf4 24. Rxf4 Bc7 25. Re4 Rh5 26. Ned4 Nxe5 27. Nxe5
Bxe5 28. f4 Bxd4+ 29. Rxd4 Rd5 30. Rxd5 exd5 31. Kf2 Ke7 32. Ke3 Kd6 33. Kd4 f6
34. f5 Kc6 35. Ke3 Kc5 36. a3 a6 37. h3 a5 38. h4 a4 39. h5 d4+ 40. cxd4+ Kd5
41. Kd2 Kxd4 42. Kc2 Ke4 43. Kc3 Kxf5 44. Kb4 Kg4 45. Kxb5 f5 0-1

[Event "II Festival Dioscuri A"]
[Site "Agrigento ITA"]
[Date "2009.11.14"]
[Round "2"]
[White "Livecchi, Dario"]
[Black "Dragojlovic, Andjelko"]
[Result "0-1"]
[WhiteElo "2151"]
[BlackElo "2394"]
[PlyCount "64"]
[EventDate "2009.11.13"]

1. d4 Nf6 2. c4 g6 3. Nc3 d5 4. cxd5 Nxd5 5. e4 Nxc3 6. bxc3 Bg7 7. Nf3 c5 8.
Rb1 O-O 9. Be2 Nd7 10. O-O Nf6 11. Bd3 b6 12. Re1 Bg4 13. Be3 Nd7 14. h3 Bxf3
15. Qxf3 Ne5 16. Qe2 Nxd3 17. Qxd3 cxd4 18. cxd4 Qd7 19. Rec1 Rfc8 20. Qa6
Rxc1+ 21. Rxc1 Bxd4 22. Bxd4 Qxd4 23. Qb7 Qd8 24. Rc7 Qd1+ 25. Kh2 Qd6+ 26. g3
Rd8 27. Qxa7 Qd4 28. Rc2 Qxe4 29. Qxb6 Rd1 30. Qb8+ Kg7 31. Qb2+ f6 32. f3 Qe1
0-1

[Event "II Festival Dioscuri A"]
[Site "Agrigento ITA"]
[Date "2009.11.14"]
[Round "2"]
[White "Mazzilli, Piero"]
[Black "Gangemi, Salvatore"]
[Result "1-0"]
[WhiteElo "2347"]
[BlackElo "2097"]
[PlyCount "49"]
[EventDate "2009.11.13"]

1. f4 d5 2. b3 Nf6 3. Bb2 e6 4. Nf3 Nbd7 5. e3 b6 6. Bb5 Ne4 7. O-O Nd6 8. Bc6
Bb7 9. Bxb7 Nxb7 10. d3 Bc5 11. Qe1 f6 12. Kh1 O-O 13. Nbd2 Qe7 14. e4 Rad8 15.
a3 b5 16. Qg3 Be3 17. Rae1 Bxd2 18. Nxd2 Qf7 19. f5 dxe4 20. Qxc7 Ndc5 21.
Qxf7+ Kxf7 22. d4 Nd7 23. fxe6+ Kxe6 24. Nxe4 Kf7 25. d5 {...} 1-0

[Event "II Festival Dioscuri A"]
[Site "Agrigento ITA"]
[Date "2009.11.14"]
[Round "2"]
[White "Reina, Giuseppe"]
[Black "Palazzotto, Giuseppe"]
[Result "0-1"]
[WhiteElo "1812"]
[BlackElo "1952"]
[PlyCount "85"]
[EventDate "2009.11.13"]

1. d4 d5 2. c4 c6 3. Nf3 Nf6 4. Nc3 e6 5. Bg5 Be7 6. e3 Nbd7 7. Rc1 O-O 8. Bd3
dxc4 9. Bxc4 b5 10. Bd3 Bb7 11. O-O h6 12. Bxf6 Nxf6 13. Ne4 a6 14. Ne5 Qc7 15.
Nc5 Rac8 16. Bb1 Rfd8 17. a3 Rd5 18. Ned3 Bxc5 19. Rxc5 Rxc5 20. Nxc5 Rd8 21.
Qc2 g6 22. Ba2 Bc8 23. Rc1 Kg7 24. Nd3 Bb7 25. Ne5 Rd6 26. b4 Nd7 27. f4 a5 28.
Qd3 Qb6 29. Bb3 axb4 30. axb4 Qa6 31. Qc3 Nf6 32. Ra1 Qb6 33. Qc5 Qc7 34. Qc2
Qb6 35. Ra5 Nd7 36. Nxd7 Rxd7 37. Qc5 Qd8 38. Qe5+ Kh7 39. g3 Qe7 40. Qc5 Qf6
41. h4 Qd8 42. Kg2 Qc7 43. h5 {...} 0-1

[Event "II Festival Dioscuri A"]
[Site "Agrigento ITA"]
[Date "2009.11.14"]
[Round "2"]
[White "Rosolia, Giuseppe"]
[Black "Caruso, Antonino"]
[Result "1-0"]
[WhiteElo "1894"]
[BlackElo "1717"]
[PlyCount "74"]
[EventDate "2009.11.13"]

1. Nf3 Nc6 2. d3 d6 3. e4 e5 4. Be2 Be7 5. O-O Nf6 6. c3 O-O 7. Nbd2 Ne8 8. b4
f5 9. Nc4 b5 10. Ne3 Be6 11. a4 a6 12. Nd5 Bxd5 13. exd5 Na7 14. Be3 Qb8 15.
Qb3 h6 16. Nxe5 Kh8 17. Nd7 Qb7 18. Nxf8 Bxf8 19. Bxa7 Rxa7 20. Rfe1 bxa4 21.
Qxa4 Qc8 22. Bf3 Nf6 23. Qc2 g6 24. Re6 Kg7 25. c4 Kf7 26. Qc3 Bg7 27. d4 Nd7
28. Qe3 Bf6 29. Qxh6 Nf8 30. Rae1 Ra8 31. g4 fxg4 32. Bxg4 Qb7 33. Qf4 Nh7 34.
Re7+ Kg8 35. Be6+ Kh8 36. Rxh7+ Kxh7 37. Qxf6 Qxb4 1-0

[Event "II Festival Dioscuri A"]
[Site "Agrigento ITA"]
[Date "2009.11.14"]
[Round "2"]
[White "Russo, Alfio"]
[Black "Del Vivo, Marco"]
[Result "1-0"]
[WhiteElo "1968"]
[BlackElo "1891"]
[PlyCount "92"]
[EventDate "2009.11.13"]

1. d4 g6 2. c4 Bg7 3. Nc3 c6 4. Nf3 d5 5. e3 Nf6 6. Be2 O-O 7. O-O Bf5 8. Qb3
Qb6 9. Qxb6 axb6 10. cxd5 cxd5 11. Bd2 Nc6 12. Nh4 Ne4 13. Nxe4 dxe4 14. Nxf5
gxf5 15. Bc3 e6 16. a3 Rfd8 17. Rac1 Ne7 18. Rc2 Rac8 19. Rfc1 f4 20. Bd2 Rxc2
21. Rxc2 Nd5 22. g3 f3 23. Bc4 Rc8 24. Bb3 Rxc2 25. Bxc2 f5 26. Ba4 Kf7 27. Bd7
Ne7 28. Bb4 Nc6 29. Bd6 Na5 30. Bb4 Bf6 31. Bc8 Nc6 32. Bd6 Na5 33. Bc7 Nc4 34.
b3 Nxa3 35. Bxb6 Be7 36. Bxb7 Bb4 37. Bc6 Nc2 38. Kf1 Ne1 39. d5 Nd3 40. Bd4
Be1 41. dxe6+ Kxe6 42. Bb5 Bb4 43. Bc4+ Kd6 44. Bg7 Nc1 45. h4 Nd3 46. Bf8+
46... Kc6 {...} 1-0

[Event "II Festival Dioscuri A"]
[Site "Agrigento ITA"]
[Date "2009.11.14"]
[Round "2"]
[White "Valguarnera, Girolamo"]
[Black "Bentivegna, Francesco"]
[Result "0-1"]
[WhiteElo "2140"]
[BlackElo "2303"]
[PlyCount "53"]
[EventDate "2009.11.13"]

1. e4 e5 2. Bc4 Nf6 3. Qe2 Nc6 4. c3 Bc5 5. d4 Bb6 6. f4 exd4 7. e5 O-O 8. Nf3
d5 9. Bd3 Ne4 10. Nbd2 f5 11. c4 Nb4 12. cxd5 Nc5 13. Bb1 d3 14. Qd1 Qxd5 15.
a3 Nc2+ 16. Bxc2 dxc2 17. Qxc2 Nd3+ 18. Kf1 Be6 19. g3 Nf2 20. Kg2 Nxh1 21.
Kxh1 Rad8 22. Kg2 Qb5 23. Kh3 Qe2 24. a4 Rxd2 25. Qxd2 Qxf3 26. Ra3 Qh5+ 27.
Kg2 {...} 0-1

[Event "II Festival Dioscuri A"]
[Site "Agrigento ITA"]
[Date "2009.11.14"]
[Round "3"]
[White "Amico, Rosario"]
[Black "La Bella, Roberto"]
[Result "1-0"]
[WhiteElo "1940"]
[BlackElo "2097"]
[PlyCount "85"]
[EventDate "2009.11.13"]

1. Nf3 d5 2. d4 Nf6 3. c4 c6 4. Nc3 e6 5. e3 Nbd7 6. Bd3 dxc4 7. Bxc4 b5 8. Bd3
a6 9. O-O c5 10. dxc5 Nxc5 11. Be2 Bb7 12. Qxd8+ Rxd8 13. Rd1 Bd6 14. b3 Bc6
15. Nd4 Bb7 16. Bf3 Bxf3 17. gxf3 Be5 18. Ba3 Bxd4 19. Rxd4 Rxd4 20. exd4 Nd3
21. Rd1 Nf4 22. Bd6 N4d5 23. Ne4 Kd7 24. Bc5 Nxe4 25. fxe4 Nc3 26. Re1 a5 27.
a3 Rb8 28. f3 b4 29. axb4 axb4 30. Ra1 Rb7 31. Kf2 f5 32. Ke3 Nb5 33. Ra6 Nc7
34. Ra4 Kc6 35. Rxb4 Nb5 36. Ra4 e5 37. Ra6+ Kc7 38. dxe5 fxe4 39. fxe4 Kb8 40.
e6 Nc7 41. e7 Rxb3+ 42. Kf4 Kb7 43. Ra7+ 1-0

[Event "II Festival Dioscuri A"]
[Site "Agrigento ITA"]
[Date "2009.11.14"]
[Round "3"]
[White "Bentivegna, Francesco"]
[Black "Kizov, Atanas"]
[Result "1/2-1/2"]
[WhiteElo "2303"]
[BlackElo "2415"]
[PlyCount "29"]
[EventDate "2009.11.13"]

1. e4 d5 2. exd5 Qxd5 3. Nc3 Qd8 4. d4 c6 5. Bg5 Nf6 6. Qd2 Bf5 7. Bxf6 gxf6 8.
O-O-O e6 9. Bd3 Bg6 10. Nge2 Qa5 11. Kb1 Nd7 12. Bxg6 hxg6 13. Ne4 Qxd2 14.
Rxd2 O-O-O 15. Nf4 1/2-1/2

[Event "II Festival Dioscuri A"]
[Site "Agrigento ITA"]
[Date "2009.11.14"]
[Round "3"]
[White "Caizzone, Vito"]
[Black "Bottino, Alexiei"]
[Result "1-0"]
[WhiteElo "2149"]
[BlackElo "2012"]
[PlyCount "99"]
[EventDate "2009.11.13"]

1. e4 c5 2. Nf3 Nc6 3. d4 cxd4 4. Nxd4 Nf6 5. Nc3 Qb6 6. Nb3 e6 7. Be3 Qc7 8.
a3 a6 9. Be2 b5 10. O-O Bb7 11. f4 d6 12. Qe1 Be7 13. Qf2 Rc8 14. Rad1 h5 15.
h3 h4 16. Bf3 Nh5 17. Rfe1 Bf6 18. e5 dxe5 19. Ne4 Nd4 20. Nxf6+ Nxf6 21. Bxb7
Qxb7 22. Nxd4 exd4 23. Bxd4 Ne4 24. Qf3 f5 25. c3 Rd8 26. Rd3 Qe7 27. Red1 O-O
28. Qh5 Ng3 29. Qf3 Ne4 30. Ra1 Rd7 31. b4 Rfd8 32. Re3 Rd5 33. a4 Qd7 34. axb5
Qxb5 35. Ra5 Qc4 36. Rxd5 Qxd5 37. Qh5 Rc8 38. Qxh4 Qd7 39. Qh5 Rf8 40. Qe2 Qb7
41. Qa2 Re8 42. Re1 Qc6 43. Qb3 Nd2 44. Qc2 Ne4 45. Ra1 Rd8 46. Qd3 Rd6 47. Ra5
e5 48. Rxe5 Rg6 49. Rxf5 Qe6 50. Re5 1-0

[Event "II Festival Dioscuri A"]
[Site "Agrigento ITA"]
[Date "2009.11.14"]
[Round "3"]
[White "Caruso, Antonino"]
[Black "Grech, Gerlando"]
[Result "1-0"]
[WhiteElo "1717"]
[BlackElo "1972"]
[PlyCount "61"]
[EventDate "2009.11.13"]

1. c4 Nf6 2. d4 g6 3. Nc3 Bg7 4. Nf3 O-O 5. e3 d5 6. c5 Nc6 7. Be2 Re8 8. O-O
e5 9. dxe5 Nxe5 10. Nxe5 Rxe5 11. Bf3 c6 12. Bd2 Bf5 13. Ne2 Be4 14. Nd4 Nd7
15. Bxe4 Rxe4 16. Qc1 Qe7 17. b4 Ne5 18. Bc3 Rh4 19. Qd1 Qg5 20. f4 Qh6 21. h3
Nc4 22. Qf3 Re8 23. Rae1 Bf6 24. Re2 Qg7 25. g4 Nxe3 26. Rd1 Qh6 27. Rxe3 Rxe3
28. Qxe3 Rxh3 29. Qe8+ Kg7 30. Ne6+ fxe6 31. Bxf6+ 1-0

[Event "II Festival Dioscuri A"]
[Site "Agrigento ITA"]
[Date "2009.11.14"]
[Round "3"]
[White "Dagnino, Marcello"]
[Black "Gigante, Giovanni"]
[Result "1-0"]
[WhiteElo "1565"]
[BlackElo "1692"]
[PlyCount "71"]
[EventDate "2009.11.13"]

1. e4 e5 2. Nf3 Nc6 3. d4 exd4 4. Nxd4 Nf6 5. Nc3 Bc5 6. Nf3 Ng4 7. Be3 Bxe3 8.
fxe3 O-O 9. Qd2 d6 10. O-O-O Be6 11. h3 Nge5 12. Nd4 Bd7 13. a3 a6 14. Nf3 Rb8
15. Be2 Kh8 16. g4 Nxf3 17. Bxf3 Ne5 18. Be2 Be6 19. Nd5 Qd7 20. Qc3 Rfc8 21.
Nf4 Rf8 22. Rhf1 Kg8 23. Kb1 b5 24. Nh5 Qc6 25. Qxc6 Nxc6 26. b3 Ne5 27. Kc1
Bd7 28. Bd3 Bc6 29. Ng3 a5 30. Rf2 Rbe8 31. Rdf1 Nxd3+ 32. cxd3 d5 33. Rc2 Re6
34. Nf5 Rf6 35. Ne7+ Kh8 36. Rxf6 1-0

[Event "II Festival Dioscuri A"]
[Site "Agrigento ITA"]
[Date "2009.11.14"]
[Round "3"]
[White "Del Vivo, Marco"]
[Black "Reina, Giuseppe"]
[Result "0-1"]
[WhiteElo "1891"]
[BlackElo "1812"]
[PlyCount "112"]
[EventDate "2009.11.13"]

1. Nc3 Nf6 2. e4 d5 3. e5 Ne4 4. Nxe4 dxe4 5. Bc4 Qd4 6. Qe2 Qxe5 7. d3 Bf5 8.
f3 e3 9. Qxe3 Qxe3+ 10. Bxe3 e5 11. Ne2 Bd6 12. Ng3 Bg6 13. Ne4 Bxe4 14. fxe4
Nd7 15. O-O f6 16. Kh1 Bc5 17. Bd2 a6 18. b4 Bb6 19. a4 a5 20. Rfb1 axb4 21.
Bxb4 Bc5 22. a5 Bxb4 23. Rxb4 Nc5 24. Rb5 b6 25. Rab1 Na4 26. R1b3 Kd7 27. h3
c6 28. R5b4 b5 29. Bxb5 cxb5 30. Rxb5 Rhc8 31. Rd5+ Ke6 32. c4 Rd8 33. Rb4 Nc3
34. Rb6+ Kf7 35. Rb7+ Kg6 36. Rc5 Rdc8 37. Rxc8 Rxc8 38. a6 Na4 39. a7 Ra8 40.
Rc7 Nb6 41. Rb7 Nc8 42. Rb8 Rxa7 43. Rxc8 Rd7 44. c5 Rxd3 45. c6 Kg5 46. c7 Rc3
47. Rh8 Rxc7 48. Rxh7 Kf4 49. Rh4+ Ke3 50. Rg4 g5 51. Kh2 Rc4 52. h4 gxh4 53.
Rg6 Rxe4 54. Rxf6 Rf4 55. Rh6 e4 56. Kh3 Kf2 0-1

[Event "II Festival Dioscuri A"]
[Site "Agrigento ITA"]
[Date "2009.11.14"]
[Round "3"]
[White "Dragojlovic, Andjelko"]
[Black "Gromovs, Sergejs"]
[Result "1/2-1/2"]
[WhiteElo "2394"]
[BlackElo "2291"]
[PlyCount "30"]
[EventDate "2009.11.13"]

1. e4 c5 2. Nf3 Nc6 3. Nc3 g6 4. d4 cxd4 5. Nxd4 Bg7 6. Be3 d6 7. Bc4 Nf6 8. h3
O-O 9. Bb3 Bd7 10. O-O Qa5 11. f4 Rac8 12. Qd3 a6 13. Rae1 Rfd8 14. Nxc6 Bxc6
15. f5 15... b5 {...} 1/2-1/2

[Event "II Festival Dioscuri A"]
[Site "Agrigento ITA"]
[Date "2009.11.14"]
[Round "3"]
[White "Filetti, Massimiliano"]
[Black "Furnari, Francesco"]
[Result "1/2-1/2"]
[WhiteElo "1928"]
[BlackElo "1861"]
[PlyCount "49"]
[EventDate "2009.11.13"]

1. e4 e5 2. Nf3 Nc6 3. d4 exd4 4. Bc4 Nf6 5. O-O d6 6. Nxd4 Nxd4 7. Qxd4 Be7 8.
Nc3 O-O 9. Bg5 h6 10. Bf4 Be6 11. Rad1 Qc8 12. Rfe1 a6 13. a4 Nh5 14. Be3 Bf6
15. Qd3 Be5 16. Bd4 Nf4 17. Qf1 Bxc4 18. Qxc4 Qg4 19. Qf1 Rfe8 20. f3 Qg6 21.
Ne2 Rad8 22. Bxe5 Nxe2+ 23. Qxe2 dxe5 24. Qc4 Qb6+ 25. Kh1 1/2-1/2

[Event "II Festival Dioscuri A"]
[Site "Agrigento ITA"]
[Date "2009.11.14"]
[Round "3"]
[White "Gangemi, Salvatore"]
[Black "Valguarnera, Girolamo"]
[Result "1/2-1/2"]
[WhiteElo "2097"]
[BlackElo "2140"]
[PlyCount "108"]
[EventDate "2009.11.13"]

1. c4 Nf6 2. g3 g6 3. Bg2 Bg7 4. Nc3 O-O 5. e4 e5 6. Nge2 a5 7. O-O Na6 8. d4
exd4 9. Nxd4 d6 10. Bg5 h6 11. Bf4 Nc5 12. Re1 Re8 13. Qd2 g5 14. e5 Ng4 15. e6
Nxe6 16. Nxe6 Bxe6 17. Be3 Ne5 18. b3 Qf6 19. Bd4 Nf3+ 20. Bxf3 Qxd4 21. Qxd4
Bxd4 22. Rac1 c6 23. Ne4 Rad8 24. Rcd1 Be5 25. Bh5 Kg7 26. c5 d5 27. Nxg5 Bc3
28. Nxe6+ Rxe6 29. Rxe6 fxe6 30. f4 Bb4 31. Kg2 Bxc5 32. Re1 Kf6 33. g4 Bd6 34.
Kf3 e5 35. fxe5+ Bxe5 36. h4 Bc3 37. Rf1 Ke5 38. Ke3 Kd6 39. Kd3 d4 40. Rf6+
Kc5 41. Rf5+ Kb4 42. g5 hxg5 43. hxg5 b5 44. Bf7 Rh8 45. Rf3 Rh1 46. Rg3 Rd1+
47. Ke4 c5 48. g6 d3 49. Rxd3 Rg1 50. a3+ Kxa3 51. Rxc3 Kb4 52. Rc2 a4 53. bxa4
bxa4 54. Kd3 a3 1/2-1/2

[Event "II Festival Dioscuri A"]
[Site "Agrigento ITA"]
[Date "2009.11.14"]
[Round "3"]
[White "Ljubisavljevic, Zivojin Z."]
[Black "Mazzilli, Piero"]
[Result "1/2-1/2"]
[WhiteElo "2287"]
[BlackElo "2347"]
[PlyCount "29"]
[EventDate "2009.11.13"]

1. e4 c5 2. Nf3 d6 3. d4 cxd4 4. Nxd4 Nf6 5. Nc3 g6 6. Bc4 Bg7 7. Bb3 O-O 8. f3
Nc6 9. Be3 Bd7 10. Qd2 Ne5 11. O-O Rc8 12. Nd5 Nxd5 13. Bxd5 Nc4 14. Bxc4 Rxc4
15. c3 1/2-1/2